Les Antoine célèbres - Statistiques

Statistiques générales
  • Ce quiz a été pris 91 fois
  • Le résultat moyen est 6 sur 15
Statistiques - réponses
Par images Réponse % Correct
Antoine Griezmann
98%
Antoine Dupont
89%
Antoine de Caunes
82%
Antoine de Saint-Exupéry
74%
Antoine
61%
Antoine Daniel
51%
Antoine Duléry
46%
Antoine de Maximy
41%
Saint-Antoine de Padoue
36%
Antoine Lavoisier
27%
Antoine Watteau
5%
Antoine Parmentier
4%
Antoine van Dyck
4%
Antoine Ferranti
1%
Antoine Stradivari
1%
Aucun quiz correspondant
Distribution des résultats
% des personnes avec chaque résultat
Percentile par nombre de réponses
Votre historique - résultats
Vous n’avez pas pris ce quiz